Comédies et proverbes / (Record no. 160452)

MARC details
000 -LEADER
campo de control de longitud fija 00606nam a22001815i 4500
001 - NÚMERO DE CONTROL
campo de control 160452
003 - IDENTIFICADOR DE NÚMERO DE CONTROL
campo de control ES-MaACL
005 - FECHA Y HORA DE LA ÚLTIMA TRANSACCIÓN
campo de control 20260305133224.0
008 - DATOS DE LONGITUD FIJA--INFORMACIÓN GENERAL
campo de control de longitud fija 991019s1867 fr |||| | fre d
040 ## - FUENTE DE CATALOGACIÓN
Centro catalogador/agencia de origen CCPB | B
Lengua de catalogación spa
Centro/agencia transcriptor CCPB | B
100 ## - ENTRADA PRINCIPAL--NOMBRE DE PERSONA
Nombre de persona Musset, Alfred de,
Fechas asociadas al nombre 1810-1857
9 (RLIN) 223345
245 10 - MENCIÓN DEL TÍTULO
Título Comédies et proverbes /
Mención de responsabilidad, etc. Alfred de Musset.
260 ## - PUBLICACIÓN, DISTRIBUCIÓN, ETC.
Lugar de publicación, distribución, etc. Paris :
Nombre del editor, distribuidor, etc. Charpentier,
Fecha de publicación, distribución, etc. 1867 (
Fabricante Imprimerie générale de Ch. Lahure)
300 ## - DESCRIPCIÓN FÍSICA
Extensión 2 v. ;
Dimensiones 18 cm.
752 ## - ENTRADA AGREGADA--NOMBRE JERÁRQUICO DEL LUGAR
País o entidad superior Francia -
Ciudad París
852 ## - LOCALIZACIÓN
Ubicación ES-MaACL
Número de control de estantería F-8813
Nota libre -- Enc. hol.
-- -- Enc. 2 t. en 1 v.
Holdings
Estatus retirado Estado de pérdida Estado de daño No para préstamo Colección Biblioteca de origen Biblioteca actual Ubicación en estantería Fecha de adquisición Fuente de adquisición Total de préstamos Signatura topográfica completa Código de barras Visto por última vez Precio de reemplazo Tipo de ítem Koha
        Libros del s. XIX Biblioteca del Ateneo de Madrid Biblioteca del Ateneo de Madrid Sala Pecera Planta 2 17/01/2008     F-8813 1168006 23/02/2023 23/02/2023 Libro impreso antiguo